00000000cam 2200000za 4500
0019.680852
003CaOODSP
00520260106153815
007ta
008150407|1997||||xxc|||||     f|0| 0 fre d
020 |a0-662-84192-1
040 |aCaOODSP|bfre
043 |an-cn---
0861 |aEn40-565/1-1998F
1101 |aCanada. |bEnvironnement Canada.
24510|aProtocole de Montréal, 1987-1997 : |bavantages et coûts mondiaux du protocole de Montréal relatif à des substances qui appauvrissent la couche d'ozone
260 |aOttawa - Ontario : |bEnvironnement Canada |c[1997].
300 |avi, 70p. : |bgraphiques, références, tableaux ; |c28 cm.
500 |a«Le Protocole de Montréal, signé le 16 septembre 1987, engageait les premiers signataires à adopter un calendrier de réductions pour la consommation des substances appauvrissant la couche d'ozone (SACO). En date de mars 1997, 163 pays avaient signé le Protocole, qui est entré en vigueur le 1er janvier 1989. Depuis lors, une série de modifications (apportées à Londres en 1990, à Copenhague en 1992 et à Vienne en 1995) ont renforcé le Protocole original en y ajoutant des substances, en accélérant le calendrier des réducitons et en accroissant leur importance.»--Page 5. «Dans le présent rapport, les preuves démontrant les conséquences du Protocole de Montréal fournissent les données de base permettant de déterminer les avantages et les coûts... Le présent rapport évalue les surcoûts du Protocole de Montréal comparativement au scénario ne comportant aucune mesure de réglementation.»--Page 1-2.
5203 |aLe Protocole de Montréal, signé le 16 septembre 1987, engageait les premiers signataires à adopter un calendrier de réductions pour la consommation des substances appauvrissant la couche d'ozone (SACO). En date de mars 1997, 163 pays avaient signé le Protocole, qui est entré en vigueur le 1er janvier 1989. Depuis lors, une série de modifications (apportées à Londres en 1990, à Copenhague en 1992 et à Vienne en 1995) ont renforcé le Protocole original en y ajoutant des substances, en accélérant le calendrier des réducitons et en accroissant leur importance.--Page 5 Dans le présent rapport, les preuves démontrant les conséquences du Protocole de Montréal fournissent les données de base permettant de déterminer les avantages et les coûts... Le présent rapport évalue les surcoûts du Protocole de Montréal comparativement au scénario ne comportant aucune mesure de réglementation.--Page 1-2
563 |aReliure à spirale
590 |a99-51|b1999-12-31
69107|aCoopération internationale|2gcpds
69107|aLutte contre la pollution|2gcpds
77508|tMontreal Protocol, 1987-1997 : |w(CaOODSP)9.647545
7760#|tProtocole de Montréal Protocol, 1987-1997 : |w(CaOODSP)9.958775